000 01219nam a2200301Ia 4500
003 OSt
005 20200709150713.0
008 191128s2004 ck ad fr 000 0dspa d
020 _a9789587710625
040 _aCO-JMCR
_cCO-JMCR
041 0 _aspa
082 0 4 _a336.861 /
_bO772h
_223
100 1 _aOrtega Cárdenas, Alfonso,
_eautor
_96943
245 1 0 _aHacienda pública :
_blas finanzas del estado /
_cAlfonso Ortega Cárdenas y Hector Gacía Angarita
250 _aSegunda edición
260 _aBogotá :
_bEcoe,
_c2004
300 _axiii, 310 páginas :
_bgráficos a blanco y negro ;
_c24 cm.
490 0 _aTextos Universitarios
500 _aIncluye datos biográficos de los autores en solapa frontal.
504 _aBibliografía: páginas 309-310
505 0 _aGeneralidades -- El gasto público -- El ingreso público -- Otras fuentes de ingreso -- Ingresos de derecho privado -- Ingresos de derecho fiscal -- Crédito externo e interno -- El presupuesto
650 1 4 _aHacienda pública
_96944
650 1 4 _aPresupuesto público
_94371
650 1 4 _aPolítica fiscal
_96945
650 1 4 _aCondiciones fiscales
_96946
700 1 _aGarcía Angarita, Hector,
_eautor
_96947
942 _2ddc
_cBK
999 _c5793
_d5793